000
00291nam a2200109Ia 4500
008
220204s9999 xx 000 0 und d
082
_a
929A/Z(VIJ)
_b
VIJ
100
_a
Vijaya Lakshmi Pandit
245
0
_a
Scope of happiness: A personal memoir
260
_a
New Delhi
_b
Vikas
_c
1979
942
_c
BK
999
_c
34083
_d
34083